LEADER 00878nam0 22002411i 450 001 UON00137722 005 20231205102828.20 100 $a20020107d1966 |0itac50 ba 101 $atam 102 $aIN 105 $a|||| 1|||| 200 1 $aKavinar Kanta Ma. Po. Ci. / K. M. Sharif 210 $aCenai$c[s. n.]$d1966 215 $a140 p.$d19 cm 620 $aIN$dChennai$3UONL000058 686 $aSI VI LCX$cSUBCONT. INDIANO - LETTERATURA TAMIL - PERIODO MODERNO - TESTI$2A 700 1$aSHARIF$bK. M.$3UONV082957$00 801 $aIT$bSOL$c20240220$gRICA 899 $aSIBA - SISTEMA BIBLIOTECARIO DI ATENEO$2UONSI 912 $aUON00137722 950 $aSIBA - SISTEMA BIBLIOTECARIO DI ATENEO$dSI SI VI Lcx 605 $eSI SA 99251 5 605 996 $aKavinar Kanta Ma. Po. Ci$91279524 997 $aUNIOR LEADER 03715nam 2200613Ia 450 001 9910952301703321 005 20251117084646.0 010 $a1-283-57899-9 010 $a9786613891440 010 $a90-04-23250-8 024 7 $a10.1163/9789004232501 035 $a(CKB)2670000000240330 035 $a(EBL)1012772 035 $a(OCoLC)811491550 035 $a(SSID)ssj0000704465 035 $a(PQKBManifestationID)11411076 035 $a(PQKBTitleCode)TC0000704465 035 $a(PQKBWorkID)10719067 035 $a(PQKB)11174820 035 $a(nllekb)BRILL9789004232501 035 $a(Au-PeEL)EBL1012772 035 $a(CaPaEBR)ebr10597023 035 $a(CaONFJC)MIL389144 035 $a(PPN)174395396 035 $a(MiAaPQ)EBC1012772 035 $a(EXLCZ)992670000000240330 100 $a20120628d2012 uy 0 101 0 $aeng 135 $aur|n|---||||| 181 $ctxt 182 $cc 183 $acr 200 10$aAsceticism, eschatology, opposition to philosophy $ethe Arabic translation and commentary of Salmon ben Yeroham on Qohelet (Ecclesiastes) /$fby James T. Robinson 210 $aLeiden ;$aBoston $cBrill$d2012 215 $a1 online resource (661 p.) 225 0 $aÉtudes sur le Judasme me?die?val,$x0169-815X ;$vt. 45 225 0 $aKaraite texts and studies ;$vv. 5 300 $aDescription based upon print version of record. 311 08$a90-04-19134-8 320 $aIncludes bibliographical references and index. 327 $aPreliminary Material -- Qohelet in Karaism -- On Salmon?s Arabic Translation of Qohelet -- Sources and Use of Sources -- Methods and Approaches -- Main Themes: Asceticism, Eschatology, Opposition to Philosophy -- Description of the Manuscripts and Method of Editing -- Remarks on the English Translation -- Qohelet 1 -- Qohelet 2 -- Qohelet 3 -- Qohelet 4 -- Qohelet 5 -- Qohelet 6 -- Qohelet 7 -- Qohelet 8 -- Qohelet 9 -- Qohelet 10 -- Qohelet 11 -- Qohelet 12 -- Bibliography -- Index Locorum -- Index of Medieval Authors -- General Index. 330 $aSalmon born Yeroham (fl. 930-960) ? foundational figure in the Jerusalem school of Karaite exegesis ? produced a substantial and influential corpus of polemical writing and biblical interpretation, including commentaries on Psalms, Proverbs, Job, Song of Songs, Lamentations, Qohelet, Esther, Ruth, and Daniel. Asceticism, Eschatology, Opposition to Philosophy: The Arabic Translation and Commentary of Salmon ben Yeroham on Qohelet (Ecclesiastes) presents a first critical edition of the Judaeo-Arabic Qohelet commentary together with an annotated English translation. The introduction situates Salmon?s work in the history of Jewish Qohelet exegesis, explains Salmon?s method of translating Qohelet into Arabic, identifies his sources and discusses his method of interpretation. The main themes Salmon finds in ?Solomon?s? book of wisdom ? central themes in the early Karaite movement in general ? will be explored at length, especially asceticism, eschatology, and an uncompromising opposition to reading ?foreign books.? \'Robinson?s edition is exemplary...This volume is an important addition to any collection of Karaitica, medieval Jewish biblical exegesis and Judeo-Arabic studies.\' Pinchas Roth, Tikvah Scholar at the NYU Tikvah Center 410 0$aÉtudes sur le judaïsme médiéval$v45/05. 606 $aKaraites 615 0$aKaraites. 676 $a223/.807 700 $aRobinson$b James T$0205806 801 0$bMiAaPQ 801 1$bMiAaPQ 801 2$bMiAaPQ 906 $aBOOK 912 $a9910952301703321 996 $aAsceticism, eschatology, opposition to philosophy$94552569 997 $aUNINA